Culture Générale - Série 2412 - Statistiques

Statistiques générales
  • Ce quiz a été pris 201 fois
  • Le résultat moyen est 7 sur 10
Statistiques - réponses
Question Réponse % Correct
En quelle année Jacques Chirac a-t-il été élu Président de la République pour la première fois ? 1995
87%
Quel est le nom de l’école où se déroulent les aventures d’Harry Potter ? Poudlard
87%
Figure emblématique de la philosophie des Lumières, François-Marie Arouet est également appelé .... Voltaire
80%
Comment se nomme l'organisation policière internationale qui gère la coordination de la lutte contre la criminalité internationale ? Interpol
77%
Quel acteur a joué le rôle principal dans le film Forrest Gump ? prénom et nom - voir photo Tom Hanks
76%
Quel est le pays des « 1 000 collines » tristement célèbre pour un génocide ? Rwanda
71%
De quel état des Etats-Unis Sacramento est-elle la capitale ? Californie
62%
Dans quelle région d'Espagne produit-on le vin blanc appelé xérès ? Andalousie
60%
Quelle est la capitale des Seychelles ? Victoria
37%
De quelle ville française la bergamote - bonbon légèrement acidulé, carré, plat, translucide et de couleur dorée - est-elle la spécialité ? Nancy
35%
Aucun quiz correspondant
Distribution des résultats
% des personnes avec chaque résultat
Percentile par nombre de réponses
Votre historique - résultats
Vous n’avez pas pris ce quiz